000 00878cam a2200277 4500
008 090401t1995 xxu||||| |||| 00| 0 eng d
020 _a0901413844
035 _a(Sirsi) u69082
041 _aeng
050 _a333.33
110 _aAssociation of British Chambers of Commerce
_92074
245 _aSmall firms survey: property.
260 _aLondon
_bAssociation of British Chambers of Comme
_c1995
300 _a64p. ; 30cm.
350 _a0
490 _aCommercial Property
_v15
520 _aBased on a survey of 480 small with 50 employees or less taken between 7 September and 4 October 1995.
650 _aBRITISH CHAMBERS OF COMMERCE
650 _aPROPERTY-COMMERCIAL PROPERTY
650 _aPROPERTY REQUIREMENTS
650 _aSMALL FIRMS
690 _aPROPERTY-COMMERCIAL PROPERTY
710 _aAlex Lawrie
_92078
942 _n0
948 _c04/03/1997
999 _c95154
_d95154